000 00894nam a22002897a 4500
001 BR2017000967
003 BR-BrBNA
005 20230928105100.0
007 ta
008 230509b bl.||||| |||| 00| 0 por d
040 _aBR-BrBNA
_bpor
_cBiblioteca Nacional de Agricultura
041 _a(Por)
072 _aH10
_b4020
_b0960
090 _ 4020 BR2017000967
100 1 _aStein, H.B.
110 1 _aUniversidade Federal de Lavras, MG (Brasil)
_0Tese (Mestrado)
245 1 _aDiversidade de artrópodes em cultivo de morangueiro convencional associado ao cravo amarelo
260 3 _aLavras, MG (Brasil):
_c2015.
300 _a60 p.
500 _aSummaries (Eng, Por); Bibliography p. 54-60; 7 illus.; 6 tables
650 _aPRAGA DE PLANTA
650 _aCONTROLE BIOLÓGICO
650 _aMORANGO
650 _aDIVERSIDADE
909 _a202309
_bLucia
_c55
_dLucia Elande
942 _cBK
999 _c83315
_d83315